| 000 | 00524nam a2200169 a 4500 | ||
|---|---|---|---|
| 001 | 3038 | ||
| 005 | 20140414131906.0 | ||
| 008 | 060131s19uu xx 00 eng d | ||
| 050 |
_aFIC _bK93 1996 |
||
| 100 | _aKrulik, Nancy | ||
| 245 |
_aThe wind in the willows : _bgo wild in the country! / _cadapted by Nancy Krulik. |
||
| 260 |
_aLondon : _bPuffin Books, _c1996. |
||
| 300 | _a75 p. ; cm. | ||
| 500 | _afrom the screenplay by Terry Jones--Based on the novel by Kenneth Grahame. | ||
| 650 | _aFiction. | ||
| 999 |
_c110956 _d110956 |
||